000
00236 a2200097 4500
001
39870
100
_a
Clark H
245
_a
First Course in Quantum Mechanics
260
_a
England
_b
Van Nostrand Reinheld
_c
1982
090
_c
24867
_d
24867
942
_a
NUST-CAE
_c
M
_c
16521
999
_c
274943
_d
274943